000 01010cam a2200301 a 4500
005 20260322212033.0
008 data
010 _a 96049936
020 _a0070328935 (pbk.)
020 _a9780070328938 (pbk.)
040 _aDLC
_cDLC
_dDLC
050 0 0 _aHF5383
_b.B534 1997
082 0 0 _a808/.06665
_221
092 _a808.06 B534 1997
100 1 _aBlock, Jay A.
245 1 0 _a101 best resumes /
_cJay A. Block & Michael Betrus.
246 3 _aOne hundred one best resumes
246 3 _aOne hundred and one best resumes
260 _aNew York :
_bMcGraw-Hill,
_cc1997.
300 _ax, 197 p. ;
_c28 cm.
500 _aIncludes index.
650 0 _aRésumés (Employment)
700 1 _aBetrus, Michael.
856 4 2 _3Contributor biographical information
_uhttp://www.loc.gov/catdir/bios/mh041/96049936.html
856 4 2 _3Publisher description
_uhttp://www.loc.gov/catdir/description/mh022/96049936.html
856 4 1 _3Table of contents
_uhttp://www.loc.gov/catdir/toc/mh022/96049936.html
001 data
999 _c755
_d755